Information Technology (Record no. 4882)

MARC details
005 - DATE AND TIME OF LATEST TRANSACTION
control field 20250625031152.0
020 ## - INTERNATIONAL STANDARD BOOK NUMBER
International Standard Book Number 978-9987-694-28-0
082 ## - DEWEY DECIMAL CLASSIFICATION NUMBER
Classification number 001.6 MBA
100 ## - MAIN ENTRY--PERSONAL NAME
Author name MBAMBA, O. u
245 ## - TITLE STATEMENT
Title Information Technology
250 ## - EDITION STATEMENT
Edition statement 2nd Ed.
260 ## - PUBLICATION, DISTRIBUTION, ETC.
Place of publication, distribution, etc. Dar es salaam
Name of publisher, distributor, etc. Tanzania Institute of Bankers
Date of publication, distribution, etc. 2013
300 ## - PHYSICAL DESCRIPTION
Extent xiii,165p.: ill.; figures
Dimensions 25cm
942 ## - ADDED ENTRY ELEMENTS (KOHA)
Source of classification or shelving scheme Dewey Decimal Classification
Koha item type Books
Holdings
Date last seen Total checkouts Full call number Barcode Cost, replacement price Price effective from Koha item type Lost status Source of classification or shelving scheme Damaged status Not for loan Withdrawn status Home library Current library Shelving location Date acquired Source of acquisition Cost, normal purchase price
06/28/2025   001.6 MBA MBY0001031 90000.00 06/28/2025 Books   Dewey Decimal Classification       CBE MBEYA CBE MBEYA General Collection 06/28/2025 DONATION 30000.00
06/25/2025   001.6 MBA MZA0001785 90000.00 06/25/2025 Books   Dewey Decimal Classification       CBE Mwanza CBE Mwanza General Collection 02/10/2025 Donation 30000.00